Špecifikácia plastických mazív dnes a v budúcnosti

Bibliographic Details
Main Authors: Suchánek, V. (Author), Liebl, Xenofón, 1910-1984 (Author)
Format: Article
Language:Slovak

MARC

LEADER 00000nab a2200000uu 4500
001 vtls011152142
003 SK-MaSNL
005 20260303111810.0
008 230121|1968 xo |||||||||||||||||slo|
015 |a SNBRB 
035 |a (urnnbn)urn:nbn:sk:snk:ar-a0a2yh 
035 |a (uuid)b8bf3fcf-9041-489c-a632-7a6acf78338a 
035 |a urn:nbn:sk:snk-abb1en 
040 |a SNKBUCL  |b slo  |c SNKBUCL  |e AACR2 
041 0 |a slo 
044 |a xo  |c SK 
100 1 |a Suchánek, V.  |4 aut  |9 1124400 
245 1 0 |a Špecifikácia plastických mazív dnes a v budúcnosti  |c V. Suchánek, X. Liebl 
700 1 |a Liebl, Xenofón,  |d 1910-1984  |4 aut  |9 61111 
773 0 |t Ropa a uhlie : technológia ropy a uhľovodíkových plynov, chemické zužitkovanie uhlia, palivá, technika mazania  |g Roč. 10, č. 8 (1968), s. 437-439 
954 |a odborná, vedecká literatúra pôvodná (slovenská)  |2 lita 
958 |a OND 
958 |a EUIPO 
958 |a article14 
999 |c 1879679  |d 1881609